| 000 | 00535nam a2200169 i 4500 | ||
|---|---|---|---|
| 001 | 37374 | ||
| 003 | ES-MaACL | ||
| 005 | 20230906155548.0 | ||
| 007 | t| | ||
| 008 | 030220s1921 fr ||||1| fre d | ||
| 100 | 1 |
_aButler d'Ormond, R. de. _932953 |
|
| 245 | 1 | 2 |
_aL'anesthégie régionale en chirurgie urinaire / _cpar le R. de Butler d'Ormond ; préface de Victor Pauchet. |
| 260 |
_aParis : _b[s.n., _c1921] ( _fImp. Jouve et Cie) |
||
| 300 |
_a102 p. ; _c25 cm. |
||
| 700 | 1 |
_aPauchet, Victor. _989621 |
|
| 852 |
_aES-MaACL _jB-11507 |
||
| 999 |
_c37374 _d37374 |
||